| 000 | 00412nam a2200169Ia 4500 | ||
|---|---|---|---|
| 008 | 230917s9999||||xx |||||||||||||| ||und|| | ||
| 020 | _cRS300 | ||
| 040 |
_e1246 _aMAIN |
||
| 041 | _aEnglish | ||
| 082 | _a595.7 C739I | ||
| 100 | _aComstock, John Henry | ||
| 245 | 0 | _aIntroduction to entomology | |
| 250 | _a9th ed. | ||
| 260 |
_aAgra _bSatish Book Enterprise _c1984 |
||
| 300 | _axix, 1064 p. | ||
| 942 | _cBK | ||
| 999 |
_c52436 _d52436 |
||